000
00275nam a22001337a 4500
008
181101b xxu||||| |||| 00| 0 eng d
020
_a
0825025083
041
_a
eng
080
_a
710
100
_a
45
101
_a
ART
245
_a
Twachtman
_c
Boyle.R.J
942
_2
udc
_c
BK
999
_c
51562
_d
51562